Major markets for hides, skins and leather in Western Europe

محفوظ في:
التفاصيل البيبلوغرافية
التنسيق: كتاب
اللغة:Undetermined
منشور في: Geneva 1968
الموضوعات:
الوسوم: إضافة وسم
لا توجد وسوم, كن أول من يضع وسما على هذه التسجيلة!
Thư viện lưu trữ: Trung tâm Học liệu Trường Đại học Cần Thơ
LEADER 00417nam a2200145Ia 4500
001 CTU_96370
008 210402s9999 xx 000 0 und d
082 |a 338.4 
082 |b M234 
245 0 |a Major markets for hides, skins and leather in Western Europe 
260 |a Geneva 
260 |c 1968 
650 |a Leather industry and trade 
904 |i Tuyến 
980 |a Trung tâm Học liệu Trường Đại học Cần Thơ